00847nmc a2200253 a 4500003000900000005001700009008004100026040001300067100002300080245005900103260004700162300002000209490003900229504006500268650002800333650002800361650001500389650002600404650002900430650003200459650003200491700003000523800004000553AR-BaBNM20251128203653.0166119s1977 ||||||||||||||000 | spa|| cAR-BaBNM1 aMarland, Sidney P.10aLa educación profesionalbpropuesta para una reforma aBuenos AiresbEdiciones Tres Tiemposc19770 a271 p.btablas, 0aLibros del hoy candente. Ensayos 5 aContiene bibliografía en notas al final de cada capítulo 4aORIENTACION PROFESIONAL 4aPERSONAL DE ORIENTACION 4aPSICOLOGOS 4aTRABAJADORES SOCIALES 4aSERVICIOS DE ORIENTACION 4aFUNCIONES DE LA ORIENTACION 4aOBJETIVOS DE LA ORIENTACION1 aPardal, Inésetraductor1 aOrries e Ibars, José C.edirector